A férfi szexuális élet zavarai
Elmentve itt :
| Szerzők: | |
|---|---|
| További közreműködők: | |
| Dokumentumtípus: | Prezentáció |
| Megjelent: |
2020
|
| Kulcsszavak: | nemi élet zavarai férfiak |
| Tárgyszavak: | |
| Online Access: | http://eta.bibl.u-szeged.hu/5452 |
| LEADER | 00941nnm a2200277 i 4500 | ||
|---|---|---|---|
| 001 | eta5452 | ||
| 005 | 20210407093527.0 | ||
| 008 | 210407s2020 hu o 0|| hun d | ||
| 040 | |a SZTE Elektronikus Tananyag Archívum |b hun | ||
| 041 | |a hun | ||
| 100 | 1 | |a Balogh Dániel | |
| 245 | 1 | 2 | |a A férfi szexuális élet zavarai |h [elektronikus dokumentum] / |c Balogh Dániel |
| 246 | 1 | 0 | |a Male sexual life disturbances |h [elektronikus dokumentum] |
| 260 | |c 2020 | ||
| 300 | |a 23 | ||
| 516 | |a Presentation | ||
| 650 | 4 | |a Orvos- és egészségtudomány | |
| 650 | 4 | |a Klinikai orvostan | |
| 695 | |a nemi élet zavarai | ||
| 695 | |a férfiak | ||
| 700 | 0 | 1 | |a Németh Gábor |
| 700 | 0 | 1 | |a Wellinger Károly |e aut |
| 700 | 0 | 1 | |a Nógrády Miklós |e aut |
| 700 | 0 | 1 | |a Molnár András |e aut |
| 700 | 0 | 1 | |a Pásztor Norbert |e aut |
| 856 | 4 | 0 | |u https://eta.bibl.u-szeged.hu/5452/1/diasor_molnar_andras_hun_ferfi_szexualis_elet_zavarai_20201103.pdf |z Dokumentum-elérés |